header

Game programming for teens (Record no. 65294)

MARC details
000 -LEADER
fixed length control field 01189nam a2200325Ia 4500
082 04 - DEWEY DECIMAL CLASSIFICATION NUMBER
Classification number 005.13/3
Item number SETHI
100 1# - MAIN ENTRY--AUTHOR NAME
Personal name Sethi, Maneesh.
245 10 - TITLE STATEMENT
Title Game programming for teens
260 ## - PUBLICATION, DISTRIBUTION, ETC. (IMPRINT)
Place of publication Indianapolis, IN :
Name of publisher Premier Press,
Year of publication 2003.
300 ## - PHYSICAL DESCRIPTION
Number of Pages xviii, 374 p. :
Other physical details ill.
490 1# - SERIES STATEMENT
Series statement Game development
500 ## - GENERAL NOTE
General note Includes index.
650 #0 - SUBJECT ADDED ENTRY--TOPICAL TERM
Topical Term Computer games
Topical Term Computer games
856 40 - ELECTRONIC LOCATION AND ACCESS
Uniform Resource Identifier http://site.ebrary.com/lib/rucke/Doc?id=10054302

No items available.

© 2026 Rongo University
Contact us: librarian | system librarian | Rongo university